000 00595cam a22002053a 4500
001 42750
003 PGUSA
005 20140828083952.0
008 130520s2013||||xxu|||||s|||||000 | eng d
040 _aPGUSA
_beng
042 _adc
100 1 _aDowling, Richard,
_d1846-1898
245 1 0 _aTempest-Driven (Vol. I of 3) :
_bA Romance
_h[electronic resource] /
_cRichard Dowling
260 _bProject Gutenberg,
_c2013
506 _aPublic domain in the USA.
516 _aElectronic text
830 0 _aProject Gutenberg
_v42750
856 4 0 _uhttp://www.gutenberg.org/ebooks/42750
942 _cEB
999 _c272002
_d272002